Aportes al debate sobre educación no formal

Guardat en:
Dades bibliogràfiques
Autor principal: Ramírez de Arellano, Julio D (Autor)
Autor corporatiu: CLEA (Autor), Centro Latinoamericano de Educación de Adultos (Autor)
Format: Llibre
Idioma:espanyol
Publicat: Santiago Secretariado de Comunicación Social 1976
Matèries:
Etiquetes: Afegir etiqueta
Sense etiquetes, Sigues el primer a etiquetar aquest registre!

MARC

LEADER 00000nam a2200000 a 4500
001 UCY8568
003 CL-VaPUC
008 950703e19761100CL |||||||||||||||||spa|d
082 0 4 |a 371.04  |b RAM  |2 21 
100 0 |a Ramírez de Arellano, Julio D  |e author  |9 340043 
110 2 |a CLEA  |e author  |9 340044 
710 2 |a Centro Latinoamericano de Educación de Adultos  |e author  |9 340045 
245 1 0 |a Aportes al debate sobre educación no formal 
300 |a 36 p 
942 |c BK 
945 |d 19950703 00:00:00  |a cmena 
260 |a Santiago  |b Secretariado de Comunicación Social  |c 1976 
650 7 |a EDUCACION NO FORMAL  |2 CL-VaPUC  |9 308640 
650 0 |a Educación de adultos  |9 307580 
650 0 |a Catolicismo  |9 258690 
650 0 |a Doctrina social de la iglesia  |9 257333 
650 0 |a Programas de educación  |9 339040 
651 0 |a América Latina   |9 255027 
651 7 |a HONDURAS  |2 CL-VaPUC  |9 257740 
651 0 |a Colombia  |9 256424 
651 7 |a PANAMA  |2 CL-VaPUC  |9 257728 
651 7 |a CHILE  |2 CL-VaPUC  |9 340046 
583 |a last modification  |c 19950703 00:00:00  |k Rodrigo Vera 
999 |c 235801  |d 235799 
952 |0 0  |1 0  |4 0  |6 371_040000000000000_RAM_1976  |7 0  |8 P  |9 243450  |a BIBEDU  |b BIBEDU  |c BIBEDU_PB  |d 2019-11-18  |i 1524933  |o 371.04 RAM 1976  |p 1524933  |r 2024-01-25  |w 2019-11-18  |y BK  |k EDU